000 00413cam a22001217a 4500
008 180718b1956 xxu||||| |||| 00| 0 eng d
082 _aDx54 G959
100 _aGupta, Karunakar
245 _aIndian foreign policy: in defence of national interest: an analytical study of Indian foreign policy
_cby Karunakar Gupta
260 _aCalcutta
_bWorld Press
_c1956
300 _a109p.
650 _aIndia --Foreign relations
999 _c367210
_d367210